00528nam a2200145Ia 4500008004100000020002300041041000800064082002100072100002100093245003300114260005100147300000900198999001900207952015600226230411s9999 xx 000 0 und d a978-93-85915-46-21 aeng aA/611/GAR/B08670 aGarg Krishna Ed. aB D Chaurasias Human Anatomy bCBS Publishers & DistributorsaNew Delhic2016 a328p c158263d158263 001040708AaBTINbBTINd2018-01-16eSamutkarshg720.00i1537l0oA 611 GAR B08670pBTIN-BK-8670r2023-04-11 00:00:00v266.40w2018-01-08yBKzB08670